Sports Quiz

Random Sports or NFL Quiz

Big Four: 3+ Consecutive Title Games Quiz Stats

Quiz Updated Sep 2, 2017

Challenge
Share
Tweet
Embed
Score 0/57 Timer 04:00
1 Play Today
Seasons Team % Correct
3New York Yankees
96.9%
3New York Yankees
96.9%
4New York Yankees
96.9%
3New York Yankees
96.9%
5New York Yankees
96.9%
4New York Yankees
96.9%
5New York Yankees
96.9%
3New York Yankees
96.9%
4New York Yankees
96.9%
4Los Angeles Lakers
96.2%
3Los Angeles Lakers
96.2%
3Los Angeles Lakers
96.2%
3Los Angeles Lakers
96.2%
3Los Angeles Lakers
96.2%
10Boston Celtics
96%
4Boston Celtics
96%
3Minneapolis Lakers
95.9%
3Green Bay Packers
88.6%
3Green Bay Packers
87.7%
4Buffalo Bills
86.8%
3Chicago Bulls
86.3%
3 Chicago Bulls
86.3%
10Montréal Canadiens
86.3%
5Montréal Canadiens
86.3%
4Montréal Canadiens
86.3%
4Miami Heat
84.8%
3New York Giants
84.5%
3New York Giants
84.5%
3New York Giants
84.5%
Seasons Team % Correct
4New York Giants
84.5%
3Golden State Warriors
83%
3Cleveland Cavaliers
81.9%
3Detroit Red Wings
80.8%
3Detroit Red Wings
80.8%
3Detroit Red Wings
80.8%
3Chicago Cubs
73.9%
4Chicago Bears
73.4%
3St. Louis Cardinals
72.7%
3Toronto Maple Leafs
72.5%
3Toronto Maple Leafs
72.5%
3Toronto Maple Leafs
72.5%
3Oakland A's
71.8%
3Edmonton Oilers
71.8%
3Oakland Athletics
71.8%
3Philadelphia Athletics
71.7%
6Cleveland Browns
69.7%
5New York Islanders
68.6%
3Detroit Pistons
66.1%
3Miami Dolphins
59.1%
3Detroit Lions
55%
3Philadelphia Flyers
53.5%
3Detroit Tigers
51.2%
3Philadelphia Eagles
49.8%
3Baltimore Orioles
48.9%
3Los Angeles Rams
39.2%
3New York Knickerbockers
35.8%
3St. Louis Blues
33.1%

You're not logged in!

Compare scores with friends on all Sporcle quizzes.
Sign Up with Email
OR
Log In

You Might Also Like...

Show Comments

Extras

Top Quizzes Today


Score Distribution

Your Account Isn't Verified!

In order to create a playlist on Sporcle, you need to verify the email address you used during registration. Go to your Sporcle Settings to finish the process.